Statistiques concernant Capitales commençant par D

Cliquez ici pour prendre le quiz!

Statistiques générales

  • Ce quiz a été pris 240 fois
  • Le résultat moyen est 6 sur 10

Statistiques - réponses

Capitales% Correct
Dublin
78%
Dakar
74%
Dacca
73%
Djibouti
65%
Dodoma
64%
Damas
63%
Dili
62%
Doha
62%
Douchanbé
54%
Djouba
42%

Distribution des résultats

Percentile par nombre de réponses

% des personnes avec chaque résultat

Votre développement - résultats

Vous n’avez pas pris ce quiz